1900 1236 1648 1124 1642 1457 1780 1364 1706 1487 1281 1118 1016 1694 1310 1918 1676 1264 1043 1427 1413 1424 1210 1108 1601 1789 1624 1725 1350 1573 1969 1872 1645 1969 1525 1374 1279 1131 1586 1407 1835 1068 1102 1097 1212 1113 1161 1826 1120 1495 1190 1583 1668 1960 1954 1440 1562 1246 1302 1117 1014 1695 1215 1983 1315 1982 1347 1975 1279 1268 1301 1021 1217 1528 1612 1033 1877 1803 1249 1428 1263 1069 1976 1626 1979 1487 1602 1143 1776 1338 1317 1014 1100 1286 1603 1915 1124 1477 1028 BCNSPRNW ULIB Ver.6.0+V

เปลี่ยนเป็นภาษาไทย

Change to English
 แสดงรายละเอียดบรรณานุกรม
  กลับหน้าหลัก

Brief Record : Get Marc (ISO 2709) : E-mail record : QR code < ปิดหน้าต่าง
LEADER : 00000nam 2200000uu 4500
001    13399111635
003     ULIB
008    110704s||||||||th 000 0 tha d
020    9789749332306
050 04 BQ4570^bส243ว 2551
100 0  เจริญ,^cสมเด็จพระสังฆราช,^d2456-
245 10 วิธีสร้างบุญบารมี /^cสมเด็จพระญาณสังวร สมเด็จพระสังฆราชสกลมหาสังฆปริณายก
260    กรุงเทพฯ :^bพิมพ์สวย,^c2550
300    37 หน้า
500    เผยแผ่เป็นธรรมทานเพื่อถวายเป็นพระราชกุศลแด่พระบาทสมเด็จพระเจ้าอยู่หัวภูมิพลอดุลยเดชมหาราช เนื่องในวโรกาสวันเฉลิมพระชนมพรรษา 80 พรรษา
650  7 ธรรมะ
710 20 กองทุนธรรมวิหาร
945    ^p0^l0^i023276
945    ^p0^l0^i023274
945    ^p0^l0^i023275
995    ทศพร
999 ^a ใช้งานได้ทุกระบบ
รายการนี้ยังไม่มีแท็ก
คุณยังไม่ได้ล็อกอิน คุณสามารถมีกิจกรรมร่วมกับเว็บไซต์ได้ แต่ต้องล็อกอินก่อน ::
  ล็อกอิน

รายการสื่อสารสนเทศ

ลำดับที่ ประเภท เลขเรียก/บาร์โค้ด สถานที่ สถานะ
- ไม่พบข้อมูล -

รายการใกล้เคียง
    หัวเรื่อง [ธรรมะ]

BibComment


ยังไม่เคยถูกคอมเมนท์

คอมเมนท์ทรัพยากรรายการนี้
  คอมเมนท์: วิธีสร้างบุญบารมี..


 Copyright 2026. Bcnsprnw @Library